| 000 -LEADER |
| fixed length control field |
01601cam a22003857i 4500 |
| 001 - CONTROL NUMBER |
| control field |
20561919 |
| 003 - CONTROL NUMBER IDENTIFIER |
| control field |
NUST |
| 005 - DATE AND TIME OF LATEST TRANSACTION |
| control field |
20220720150031.0 |
| 008 - FIXED-LENGTH DATA ELEMENTS--GENERAL INFORMATION |
| fixed length control field |
180628t20192019maua b 001 0 eng d |
| 010 ## - LIBRARY OF CONGRESS CONTROL NUMBER |
| LC control number |
2018950017 |
| 020 ## - INTERNATIONAL STANDARD BOOK NUMBER |
| International Standard Book Number |
0321712331 |
| 020 ## - INTERNATIONAL STANDARD BOOK NUMBER |
| International Standard Book Number |
9780321712332 |
| 035 ## - SYSTEM CONTROL NUMBER |
| System control number |
(OCoLC)on1076675266 |
| 040 ## - CATALOGING SOURCE |
| Original cataloging agency |
YDX |
| Language of cataloging |
eng |
| Transcribing agency |
YDX |
| Description conventions |
rda |
| Modifying agency |
RRR |
| -- |
ZYU |
| -- |
OCLCF |
| -- |
DLC |
| 042 ## - AUTHENTICATION CODE |
| Authentication code |
lccopycat |
| 050 00 - LIBRARY OF CONGRESS CALL NUMBER |
| Classification number |
QA76.9.A25 |
| Item number |
B56 2019 |
| 082 ## - DEWEY DECIMAL CLASSIFICATION NUMBER |
| Classification number |
005.8, BIS |
| 100 1# - MAIN ENTRY--PERSONAL NAME |
| Personal name |
Bishop, Matt |
| Fuller form of name |
(Matthew A.), |
| Relator term |
author. |
| 9 (RLIN) |
94119 |
| 245 10 - TITLE STATEMENT |
| Title |
Computer security : |
| Remainder of title |
art and science / |
| Statement of responsibility, etc. |
Matt Bishop ; with contributions from Elisabeth Sullivan and Michelle Ruppel. |
| 250 ## - EDITION STATEMENT |
| Edition statement |
Second edition. |
| 264 #1 - PRODUCTION, PUBLICATION, DISTRIBUTION, MANUFACTURE, AND COPYRIGHT NOTICE |
| Place of production, publication, distribution, manufacture |
Boston : |
| Name of producer, publisher, distributor, manufacturer |
Addison-Wesley, |
| Date of production, publication, distribution, manufacture, or copyright notice |
[2019] |
| 264 #4 - PRODUCTION, PUBLICATION, DISTRIBUTION, MANUFACTURE, AND COPYRIGHT NOTICE |
| Date of production, publication, distribution, manufacture, or copyright notice |
©2019 |
| 300 ## - PHYSICAL DESCRIPTION |
| Extent |
xlix, 1383 pages : |
| Other physical details |
illustrations ; |
| Dimensions |
24 cm |
| 336 ## - CONTENT TYPE |
| Content type term |
text |
| Content type code |
txt |
| Source |
rdacontent |
| 337 ## - MEDIA TYPE |
| Media type term |
unmediated |
| Media type code |
n |
| Source |
rdamedia |
| 338 ## - CARRIER TYPE |
| Carrier type term |
volume |
| Carrier type code |
nc |
| Source |
rdacarrier |
| 505 ## - FORMATTED CONTENTS NOTE |
| Formatted contents note |
Part I: Introduction (Page-1), Part II: Foundations (Page-29),Part III: Policy (Page-107),<br/>Part IV: Implementation I: Cryptography (Page-287),Part V: Implementation II: System (Page-453),<br/>Part VI: Assurance (Page-625),Part VII: Special Topics (Page-773),Part VIII: Practicum (Page-1003). |
| 650 #0 - SUBJECT ADDED ENTRY--TOPICAL TERM |
| Topical term or geographic name entry element |
Computer security. |
| 9 (RLIN) |
570 |
| 650 #7 - SUBJECT ADDED ENTRY--TOPICAL TERM |
| Topical term or geographic name entry element |
Computer security. |
| Source of heading or term |
fast |
| Authority record control number or standard number |
(OCoLC)fst00872484 |
| 9 (RLIN) |
570 |
| 700 1# - ADDED ENTRY--PERSONAL NAME |
| Personal name |
Sullivan, Elisabeth, |
| Relator term |
contributor. |
| 9 (RLIN) |
94120 |
| 700 1# - ADDED ENTRY--PERSONAL NAME |
| Personal name |
Ruppel, Michelle, |
| Relator term |
contributor. |
| 9 (RLIN) |
94121 |
| 906 ## - LOCAL DATA ELEMENT F, LDF (RLIN) |
| a |
7 |
| b |
cbc |
| c |
copycat |
| d |
2 |
| e |
epcn |
| f |
20 |
| g |
y-gencatlg |
| 942 ## - ADDED ENTRY ELEMENTS (KOHA) |
| Source of classification or shelving scheme |
|
| Koha item type |
Book |